Union Berlin 22/23 squad - Statistics

General Stats
  • This quiz has been taken 45 times
    10 since last reset
  • The average score is 14 of 28
Answer Stats
# Player % Correct
27 Sheraldo Becker
100%
5 Danilho Doekhi
88%
1 Frederik Rönnow
88%
Coach Urs Fischer
88%
28 Christopher Trimmel
75%
4 Diogo Leite
75%
17 Kevin Behrens
75%
8 Rani Khedira
75%
31 Robin Knoche
75%
19 Janik Haberer
63%
45 Jordan Siebatcheu
63%
3 Paul Jaeckel
63%
13 András Schäfer
50%
40 Jamie Leweling
50%
18 Josip Juranović
50%
2 Morten Thorsby
50%
11 Sven Michel
50%
12 Jakob Busk
38%
37 Lennart Grill
38%
23 Niko Gießelmann
38%
14 Paul Seguin
38%
26 Jérôme Roussillon
25%
32 Miloš Pantović
25%
25 Timo Baumgartl
25%
20 Aïssa Laïdouni
13%
7 Levin Öztunali
13%
30 Kevin Möhwald
0%
16 Tim Maciejewski
0%
No matching quizzes found
Score Distribution
Percent of People with Each Score
Percentile by Number Answered
Your Score History
You have not taken this quiz since the last reset